Información sobre saxos
Պահպանված է:
| Հիմնական հեղինակ: | |
|---|---|
| Ձևաչափ: | Գիրք |
| Լեզու: | իսպաներեն |
| Հրապարակվել է: |
s.n
1900
|
| Խորագրեր: | |
| Ցուցիչներ: |
Ավելացրեք ցուցիչ
Չկան պիտակներ, Եղեք առաջինը, ով նշում է այս գրառումը!
|
MARC
| LEADER | 00000nam a2200000 a 4500 | ||
|---|---|---|---|
| 001 | UCY3493 | ||
| 003 | CL-VaPUC | ||
| 008 | 950103e19000000SP |||||||||||||||||spa|d | ||
| 082 | 0 | 4 | |a 788.7192 |b COU |2 21 |
| 100 | 0 | |a Couf, H |e author |9 331777 | |
| 245 | 1 | 0 | |a Información sobre saxos |
| 300 | |a pag. irreg | ||
| 942 | |c BK | ||
| 945 | |d 19950103 00:00:00 |a oaravena | ||
| 260 | |b s.n |c 1900 | ||
| 650 | 0 | |a Saxofón |9 331778 | |
| 650 | 7 | |a TECNICAS Y PROCEDIMIENTOS |2 CL-VaPUC |9 331779 | |
| 650 | 7 | |a MANATENCION |2 CL-VaPUC |9 331780 | |
| 650 | 0 | |a Afinación |9 331781 | |
| 650 | 7 | |a REPARACION |2 CL-VaPUC |9 331782 | |
| 583 | |a last modification |c 20130307 08:21:47 |k Rodrigo Vera | ||
| 999 | |c 231609 |d 231607 | ||
| 952 | |0 0 |1 0 |4 0 |6 788_719200000000000_COU_1900 |7 0 |8 F |9 235042 |a BIBEDU |b BIBEDU |d 2019-11-15 |i 3046575 |o 788.7192 COU 1900 |p 3046575 |r 2022-01-17 |w 2019-11-15 |y BK_F |k MUS | ||